[Event "72nd RUS-ch Higher League 2019"]
[Site "Yaroslavl"]
[Date "2019.07.05"]
[Round "8.11"]
[White "Kobalia, Mikhail"]
[Black "Iljiushenok, Ilia"]
[Result "1/2-1/2"]
[WhiteElo "2608"]
[BlackElo "2549"]
[Annotator "RC"]
[PlyCount "96"]
[EventDate "2019.06.27"]
[EventType "swiss"]
[EventCountry "RUS"]
[SourceTitle "playchess.com"]
[Source "ChessBase"]
[SourceQuality "1"]
[TimeControl "40/5400+30:1800+30"]

1. e4 {[%emt 0:00:00]} c5 {[%emt 0:01:42]} 2. Nf3 {[%emt 0:00:00]} d6 {[%emt 0:00:02]} 3. Bb5+ {[%emt 0:00:56]} Nd7 {[%emt 0:00:06]} 4. O-O {[%emt 0:00:06]} a6 {[%emt 0:00:02]} 5. Bd3 {[%emt 0:00:08]} Ngf6 {[%emt 0:00:24]} 6. c3 {[%emt 0:00:21]} b5 {[%emt 0:00:39]} 7. Bc2 {[%emt 0:00:07]} Bb7 {[%emt 0:00:29]} 8. Qe2 {[%emt 0:00:05]} e6 {[%emt 0:00:46]} 9. d4 {[%emt 0:00:15]} Be7 {[%emt 0:00:27]} 10. Re1 {[%emt 0:00:07]} Qc7 {[%emt 0:11:43]} 11. Bd3 {[%emt 0:01:11]} O-O {[%emt 0:01:42]} 12. Nbd2 {[%emt 0:01:10]} Rfe8 {[%emt 0:01:57]} 13. Nf1 {[%emt 0:01:35]} Bc6 {[%emt 0:06:22]} 14. Ng3 {[%emt 0:02:35]} Qb7 {[%emt 0:00:46]} 15. Ng5 {[%emt 0:07:18]} Nf8 {[%emt 0:22:36]} 16. e5 {[%emt 0:02:00]} dxe5 {[%emt 0:01:28]} 17. dxe5 {[%emt 0:00:03]} N6d7 {[%emt 0:00:46]} 18. Qh5 {[%emt 0:07:54]} Bxg5 {[%emt 0:07:20]} 19. Qxg5 {[%emt 0:00:31]} Ng6 {[%emt 0:04:07]} 20. Bxg6 {[%emt 0:07:48]} fxg6 {[%emt 0:03:12]} 21. f3 {[%emt 0:00:13]} c4 {[%emt 0:03:37]} 22. Be3 {[%emt 0:07:11]} h6 {[%emt 0:00:41]} 23. Qf4 {[%emt 0:00:46]} g5 {[%emt 0:00:33]} 24. Qd4 {[%emt 0:00:14]} Bd5 {[%emt 0:05:03]} 25. Rad1 {[%emt 0:20:05]} Qc7 {[%emt 0:06:51]} 26. Nh5 {[%emt 0:05:41]} Qxe5 {[%emt 0:02:38]} 27. Qg4 {[%emt 0:07:01]} Nf6 {[%emt 0:00:55]} 28. Qh3 {[%emt 0:00:29]} Nxh5 {[%emt 0:01:24]} 29. Qxh5 {[%emt 0:00:02]} Qf6 {[%emt 0:01:04]} 30. Rd4 {[%emt 0:05:30]} Qf7 {[%emt 0:02:20]} 31. Qg4 {[%emt 0:00:56]} Rad8 {[%emt 0:06:58]} 32. Qg3 {[%emt 0:02:57]} e5 {[%emt 0:02:44]} 33. Rd2 {[%emt 0:00:07]} e4 {[%emt 0:01:18]} 34. f4 {[%emt 0:07:14]} gxf4 {[%emt 0:00:04]} 35. Bxf4 {[%emt 0:00:02]} Kh7 {[%emt 0:00:28]} 36. Red1 {[%emt 0:00:57]} Qe6 {[%emt 0:01:13]} 37. Be3 {[%emt 0:00:51]} Rd7 {[%emt 0:01:19]} 38. h3 {[%emt 0:02:47]} Rf8 {[%emt 0:00:32]} 39. Rf2 {[%emt 0:05:07]} Rxf2 {[%emt 0:00:27]} 40. Qxf2 {[%emt 0:00:00]} Rf7 {[%emt 0:00:00]} 41. Qh4 {[%emt 0:02:51]} Qe5 {[%emt 0:04:42]} 42. Bd4 {[%emt 0:01:29]} Qf5 {[%emt 0:00:15]} 43. Be3 {[%emt 0:00:09]} Rf6 {[%emt 0:02:10]} 44. Kh2 {[%emt 0:01:52]} Bc6 {[%emt 0:04:39]} 45. Kg1 {[%emt 0:08:47]} Qe5 {[%emt 0:03:56]} 46. Rf1 {[%emt 0:02:53]} Rg6 {[%emt 0:05:34]} 47. Rf8 {[%emt 0:04:19]} Qd6 {[%emt 0:12:15]} 48. Qd8 {[%emt 0:03:33]} Qxd8 {[%emt 0:00:23]} 1/2-1/2

[Event "72nd RUS-ch Higher League 2019"]
[Site "Yaroslavl"]
[Date "2019.07.05"]
[Round "8.12"]
[White "Salemgareev, Tagir"]
[Black "Romanov, Evgeny"]
[Result "1/2-1/2"]
[WhiteElo "2412"]
[BlackElo "2577"]
[Annotator "ChessBase"]
[PlyCount "84"]
[EventDate "2019.06.27"]
[EventType "swiss"]
[EventCountry "RUS"]
[SourceTitle "playchess.com"]
[Source "ChessBase"]
[SourceQuality "1"]
[TimeControl "40/5400+30:1800+30"]

1. d4 {[%emt 0:02:44]} Nf6 {[%emt 0:00:00]} 2. c4 {[%emt 0:00:04]} b6 {[%emt 0:00:00]} 3. f3 {[%emt 0:00:39]} Bb7 {[%emt 0:00:39]} 4. e4 {[%emt 0:01:39]} e6 {[%emt 0:00:06]} 5. Bd3 {[%emt 0:00:50]} d5 {[%emt 0:00:41]} 6. cxd5 {[%emt 0:00:15]} exd5 {[%emt 0:00:08]} 7. e5 {[%emt 0:00:05]} Nfd7 {[%emt 0:00:06]} 8. f4 {[%emt 0:00:15]} c5 {[%emt 0:01:54]} 9. Nf3 {[%emt 0:00:21]} Nc6 {[%emt 0:03:20]} 10. O-O {[%emt 0:01:44]} Be7 {[%emt 0:03:56]} 11. a3 {[%emt 0:10:51]} Nxd4 {[%emt 0:07:41]} 12. Nxd4 {[%emt 0:00:12]} cxd4 {[%emt 0:00:05]} 13. b4 {[%emt 0:04:12]} a5 {[%emt 0:04:32]} 14. Bb2 {[%emt 0:05:30]} axb4 {[%emt 0:04:24]} 15. axb4 {[%emt 0:00:09]} Rxa1 {[%emt 0:01:16]} 16. Bxa1 {[%emt 0:00:35]} Bxb4 {[%emt 0:14:42]} 17. Bf5 {[%emt 0:18:41]} Be7 {[%emt 0:06:09]} 18. Qa4 {[%emt 0:05:43]} Qc7 {[%emt 0:05:01]} 19. Bxd4 {[%emt 0:01:13]} Qc6 {[%emt 0:02:53]} 20. Qxc6 {[%emt 0:09:34]} Bxc6 {[%emt 0:00:11]} 21. Nc3 {[%emt 0:00:03]} Nc5 {[%emt 0:09:54]} 22. Rb1 {[%emt 0:03:41]} Bd8 {[%emt 0:00:48]} 23. Bg4 {[%emt 0:09:08]} O-O {[%emt 0:04:30]} 24. f5 {[%emt 0:00:58]} Bc7 {[%emt 0:02:38]} 25. Bf3 {[%emt 0:10:29]} Rd8 {[%emt 0:06:09]} 26. Nb5 {[%emt 0:03:00]} Bxb5 {[%emt 0:10:15]} 27. Rxb5 {[%emt 0:00:05]} g6 {[%emt 0:01:52]} 28. g4 {[%emt 0:00:50]} Nd3 {[%emt 0:03:27]} 29. Rxd5 {[%emt 0:05:08]} Rxd5 {[%emt 0:01:34]} 30. Bxd5 {[%emt 0:00:04]} Nxe5 {[%emt 0:00:15]} 31. Bxe5 {[%emt 0:00:27]} Bxe5 {[%emt 0:00:02]} 32. fxg6 {[%emt 0:00:34]} hxg6 {[%emt 0:00:06]} 33. Kg2 {[%emt 0:00:38]} Kg7 {[%emt 0:01:52]} 34. g5 {[%emt 0:00:21]} b5 {[%emt 0:01:09]} 35. h4 {[%emt 0:00:15]} b4 {[%emt 0:00:41]} 36. Kf3 {[%emt 0:00:09]} f5 {[%emt 0:01:05]} 37. gxf6+ {[%emt 0:00:06]} Kxf6 {[%emt 0:00:24]} 38. Kg4 {[%emt 0:00:07]} Bc3 {[%emt 0:00:18]} 39. Bb3 {[%emt 0:00:09]} Bd2 {[%emt 0:00:33]} 40. Bc2 {[%emt 0:00:00]} Bh6 {[%emt 0:00:00]} 41. Bb1 {[%emt 0:00:33]} b3 {[%emt 0:02:19]} 42. Bd3 {[%emt 0:00:29]} b2 {[%emt 0:00:46]} 1/2-1/2

[Event "72nd RUS-ch Higher League 2019"]
[Site "Yaroslavl"]
[Date "2019.07.05"]
[Round "8.13"]
[White "Petrov, Nikita"]
[Black "Frolyanov, Dmitry"]
[Result "1-0"]
[WhiteElo "2610"]
[BlackElo "2538"]
[Annotator "RC"]
[PlyCount "119"]
[EventDate "2019.06.27"]
[EventType "swiss"]
[EventCountry "RUS"]
[SourceTitle "playchess.com"]
[Source "ChessBase"]
[SourceQuality "1"]
[TimeControl "40/5400+30:1800+30"]

1. c4 {[%emt 0:00:00]} e6 {[%emt 0:00:00]} 2. Nf3 {[%emt 0:00:00]} d5 {[%emt 0:00:00]} 3. g3 {[%emt 0:00:28]} Nf6 {[%emt 0:00:00]} 4. Bg2 {[%emt 0:00:26]} dxc4 {[%emt 0:00:11]} 5. Qa4+ {[%emt 0:00:56]} c6 {[%emt 0:00:23]} 6. Qxc4 {[%emt 0:00:21]} b5 {[%emt 0:00:15]} 7. Qb3 {[%emt 0:01:23]} Bb7 {[%emt 0:00:53]} 8. O-O {[%emt 0:02:04]} Nbd7 {[%emt 0:01:18]} 9. d4 {[%emt 0:00:29]} Be7 {[%emt 0:00:52]} 10. Rd1 {[%emt 0:04:07]} O-O {[%emt 0:01:58]} 11. Ne5 {[%emt 0:04:14]} Qc7 {[%emt 0:30:29]} 12. Nxd7 {[%emt 0:13:40]} Nxd7 {[%emt 0:00:08]} 13. Nc3 {[%emt 0:02:12]} b4 {[%emt 0:04:20]} 14. Bf4 {[%emt 0:12:15]} Qb6 {[%emt 0:05:00]} 15. Na4 {[%emt 0:32:15]} Qb5 {[%emt 0:01:39]} 16. Rac1 {[%emt 0:01:07]} Rac8 {[%emt 0:06:43]} 17. Nc3 {[%emt 0:03:50]} Qb6 {[%emt 0:09:41]} 18. Ne4 {[%emt 0:01:03]} c5 {[%emt 0:00:35]} 19. Nd6 {[%emt 0:03:40]} Bxd6 {[%emt 0:04:09]} 20. Bxd6 {[%emt 0:02:07]} Qxd6 {[%emt 0:02:06]} 21. Bxb7 {[%emt 0:00:07]} Rb8 {[%emt 0:00:34]} 22. dxc5 {[%emt 0:00:41]} Nxc5 {[%emt 0:00:29]} 23. Rxd6 {[%emt 0:02:19]} Nxb3 {[%emt 0:00:04]} 24. Rc7 {[%emt 0:00:19]} Nc1 {[%emt 0:01:39]} 25. Bf3 {[%emt 0:04:53]} Nxa2 {[%emt 0:00:12]} 26. Ra6 {[%emt 0:01:35]} b3 {[%emt 0:00:38]} 27. Raxa7 {[%emt 0:00:08]} Nb4 {[%emt 0:05:59]} 28. Rab7 {[%emt 0:00:54]} Rxb7 {[%emt 0:10:06]} 29. Rxb7 {[%emt 0:00:04]} Nc2 {[%emt 0:00:04]} 30. Rxb3 {[%emt 0:02:33]} Nd4 {[%emt 0:00:17]} 31. Rd3 {[%emt 0:01:30]} e5 {[%emt 0:01:24]} 32. Kg2 {[%emt 0:03:39]} Rb8 {[%emt 0:00:46]} 33. Rd2 {[%emt 0:00:15]} Nxf3 {[%emt 0:06:25]} 34. Kxf3 {[%emt 0:00:05]} f5 {[%emt 0:00:12]} 35. e3 {[%emt 0:00:32]} Kf7 {[%emt 0:00:22]} 36. Ke2 {[%emt 0:00:05]} Kf6 {[%emt 0:00:37]} 37. Kd1 {[%emt 0:00:26]} f4 {[%emt 0:02:00]} 38. exf4 {[%emt 0:01:27]} exf4 {[%emt 0:00:04]} 39. Kc2 {[%emt 0:00:12]} fxg3 {[%emt 0:03:05]} 40. fxg3 {[%emt 0:00:00]} Rc8+ {[%emt 0:00:00]} 41. Kb1 {[%emt 0:01:33]} Rb8 {[%emt 0:00:33]} 42. Rd3 {[%emt 0:09:32]} Ke6 {[%emt 0:05:19]} 43. b3 {[%emt 0:00:24]} g5 {[%emt 0:01:53]} 44. Kc2 {[%emt 0:03:04]} Rc8+ {[%emt 0:03:46]} 45. Rc3 {[%emt 0:02:52]} Rf8 {[%emt 0:00:38]} 46. Kb2 {[%emt 0:00:43]} Kd7 {[%emt 0:09:38]} 47. h3 {[%emt 0:02:56]} h5 {[%emt 0:03:52]} 48. b4 {[%emt 0:02:54]} Rf2+ 49. Kb3 g4 {[%emt 0:05:20]} 50. hxg4 {[%emt 0:01:13]} hxg4 {[%emt 0:00:04]} 51. b5 {[%emt 0:00:08]} Rf1 {[%emt 0:00:59]} 52. Kb4 {[%emt 0:00:55]} Rf3 {[%emt 0:00:56]} 53. b6 {[%emt 0:02:27]} Rf6 {[%emt 0:00:09]} 54. Ka5 {[%emt 0:05:47]} Rf5+ {[%emt 0:00:09]} 55. Ka6 {[%emt 0:00:57]} Rf3 {[%emt 0:00:15]} 56. Rc7+ {[%emt 0:00:37]} Kd6 {[%emt 0:04:43]} 57. Rc4 {[%emt 0:02:34]} Rxg3 {[%emt 0:01:27]} 58. Ra4 {[%emt 0:00:02]} Kc6 {[%emt 0:01:32]} 59. b7 {[%emt 0:00:44]} Rb3 {[%emt 0:01:46]} 60. Rc4+ {[%emt 0:00:04]} 1-0

[Event "72nd RUS-ch Higher League 2019"]
[Site "Yaroslavl"]
[Date "2019.07.05"]
[Round "8.14"]
[White "Lysyj, Igor"]
[Black "Drygalov, Andrey"]
[Result "1/2-1/2"]
[WhiteElo "2623"]
[BlackElo "2494"]
[Annotator "RC"]
[PlyCount "48"]
[EventDate "2019.06.27"]
[EventType "swiss"]
[EventCountry "RUS"]
[SourceTitle "playchess.com"]
[Source "ChessBase"]
[SourceQuality "1"]
[TimeControl "40/5400+30:1800+30"]

1. d4 {[%emt 0:00:47]} Nf6 {[%emt 0:00:00]} 2. c4 {[%emt 0:00:04]} g6 {[%emt 0:00:00]} 3. Nc3 {[%emt 0:00:05]} d5 {[%emt 0:00:00]} 4. cxd5 {[%emt 0:00:06]} Nxd5 {[%emt 0:00:00]} 5. e4 {[%emt 0:00:05]} Nxc3 {[%emt 0:00:00]} 6. bxc3 {[%emt 0:00:05]} Bg7 {[%emt 0:00:00]} 7. Bg5 {[%emt 0:00:07]} c5 {[%emt 0:00:00]} 8. Rc1 {[%emt 0:00:04]} O-O {[%emt 0:00:11]} 9. Nf3 {[%emt 0:00:05]} Bg4 {[%emt 0:00:16]} 10. d5 {[%emt 0:00:07]} Qd6 {[%emt 0:00:05]} 11. Be2 {[%emt 0:00:15]} Bxf3 {[%emt 0:00:08]} 12. Bxf3 {[%emt 0:00:20]} b5 {[%emt 0:00:04]} 13. O-O {[%emt 0:02:07]} Nd7 {[%emt 0:00:25]} 14. Qd2 {[%emt 0:00:27]} c4 {[%emt 0:02:37]} 15. Qe3 {[%emt 0:01:15]} Nc5 {[%emt 0:11:27]} 16. Be2 {[%emt 0:04:03]} e5 {[%emt 0:00:53]} 17. dxe6 {[%emt 0:06:16]} Nxe6 {[%emt 0:00:45]} 18. Rfd1 {[%emt 0:01:05]} Qa3 {[%emt 0:06:27]} 19. Bh4 {[%emt 0:08:50]} Rfe8 {[%emt 0:22:39]} 20. Rd5 {[%emt 0:17:34]} Nc7 {[%emt 0:11:40]} 21. Rd7 {[%emt 0:05:32]} Ne6 {[%emt 0:00:35]} 22. Rd5 {[%emt 0:24:48]} Nc7 {[%emt 0:03:25]} 23. Rd7 {[%emt 0:00:04]} Ne6 {[%emt 0:00:02]} 24. Rd5 {[%emt 0:00:06]} Nc7 {[%emt 0:00:04]} 1/2-1/2

[Event "72nd RUS-ch Higher League 2019"]
[Site "Yaroslavl"]
[Date "2019.07.05"]
[Round "8.15"]
[White "Yanchenko, Roman"]
[Black "Timofeev, Artyom"]
[Result "1/2-1/2"]
[WhiteElo "2478"]
[BlackElo "2608"]
[Annotator "RC"]
[PlyCount "57"]
[EventDate "2019.06.27"]
[EventType "swiss"]
[EventCountry "RUS"]
[SourceTitle "playchess.com"]
[Source "ChessBase"]
[SourceQuality "1"]
[TimeControl "40/5400+30:1800+30"]

1. d4 {[%emt 0:00:00]} d5 {[%emt 0:00:00]} 2. Nf3 {[%emt 0:00:00]} e6 {[%emt 0:00:20]} 3. c4 {[%emt 0:00:03]} c6 {[%emt 0:00:17]} 4. e3 {[%emt 0:00:52]} Nf6 {[%emt 0:03:00]} 5. Nbd2 {[%emt 0:00:59]} Be7 {[%emt 0:05:33]} 6. Bd3 {[%emt 0:00:18]} Nbd7 {[%emt 0:00:54]} 7. O-O {[%emt 0:04:05]} O-O {[%emt 0:03:13]} 8. b3 {[%emt 0:01:59]} b6 {[%emt 0:04:18]} 9. cxd5 {[%emt 0:04:21]} cxd5 {[%emt 0:04:22]} 10. Bb2 {[%emt 0:00:15]} Bb7 {[%emt 0:00:47]} 11. Ne5 {[%emt 0:00:25]} Ne4 {[%emt 0:04:04]} 12. Nxe4 {[%emt 0:06:48]} dxe4 {[%emt 0:00:32]} 13. Bb5 {[%emt 0:00:04]} Nxe5 {[%emt 0:05:30]} 14. dxe5 {[%emt 0:00:05]} a6 {[%emt 0:01:03]} 15. Be2 {[%emt 0:00:19]} Bd5 {[%emt 0:00:25]} 16. Rc1 {[%emt 0:00:35]} b5 {[%emt 0:02:53]} 17. Rc2 {[%emt 0:08:11]} Qd7 {[%emt 0:09:33]} 18. Qd2 {[%emt 0:05:01]} Rac8 {[%emt 0:04:40]} 19. Rxc8 {[%emt 0:00:19]} Rxc8 {[%emt 0:00:26]} 20. Rc1 {[%emt 0:00:04]} h6 {[%emt 0:06:01]} 21. Rxc8+ {[%emt 0:02:57]} Qxc8 {[%emt 0:00:07]} 22. Qc3 {[%emt 0:01:01]} Qb7 {[%emt 0:02:35]} 23. g3 {[%emt 0:02:57]} Kf8 {[%emt 0:08:55]} 24. h4 {[%emt 0:00:20]} Ke8 {[%emt 0:00:41]} 25. Qa5 {[%emt 0:02:19]} Bd8 {[%emt 0:02:49]} 26. Qb4 {[%emt 0:00:07]} Be7 {[%emt 0:08:41]} 27. Qa5 {[%emt 0:00:04]} Bd8 {[%emt 0:00:25]} 28. Qb4 {[%emt 0:00:04]} Be7 {[%emt 0:01:39]} 29. Qa5 {[%emt 0:00:11]} 1/2-1/2

[Event "72nd RUS-ch Higher League 2019"]
[Site "Yaroslavl"]
[Date "2019.07.05"]
[Round "8.16"]
[White "Vlasenko, Miroslav"]
[Black "Popov, Ivan"]
[Result "0-1"]
[WhiteElo "2417"]
[BlackElo "2599"]
[Annotator "ChessBase"]
[PlyCount "74"]
[EventDate "2019.06.27"]
[EventType "swiss"]
[EventCountry "RUS"]
[SourceTitle "playchess.com"]
[Source "ChessBase"]
[SourceQuality "1"]
[TimeControl "40/5400+30:1800+30"]

1. d4 {[%emt 0:01:43]} Nf6 {[%emt 0:00:00]} 2. c4 {[%emt 0:00:06]} e6 {[%emt 0:00:00]} 3. Nc3 {[%emt 0:00:03]} Bb4 {[%emt 0:00:00]} 4. Qb3 {[%emt 0:00:08]} c5 {[%emt 0:00:31]} 5. dxc5 {[%emt 0:00:08]} Nc6 {[%emt 0:00:40]} 6. Nf3 {[%emt 0:00:09]} Ne4 {[%emt 0:00:56]} 7. Bd2 {[%emt 0:00:09]} Nxd2 {[%emt 0:00:20]} 8. Nxd2 {[%emt 0:00:10]} Bxc5 {[%emt 0:00:05]} 9. g3 {[%emt 0:02:14]} b6 {[%emt 0:00:11]} 10. Bg2 {[%emt 0:01:16]} Bb7 {[%emt 0:00:07]} 11. O-O {[%emt 0:02:34]} O-O {[%emt 0:00:21]} 12. e3 {[%emt 0:06:42]} f5 {[%emt 0:05:15]} 13. Qa4 {[%emt 0:12:08]} Qe7 {[%emt 0:14:57]} 14. a3 {[%emt 0:00:42]} a6 {[%emt 0:04:10]} 15. Rfd1 {[%emt 0:04:50]} Rfc8 {[%emt 0:11:08]} 16. Nf3 {[%emt 0:07:39]} Bd6 {[%emt 0:12:29]} 17. Rac1 {[%emt 0:11:39]} Na5 {[%emt 0:13:57]} 18. c5 {[%emt 0:08:58]} Rxc5 {[%emt 0:00:32]} 19. b4 {[%emt 0:00:58]} b5 {[%emt 0:00:18]} 20. bxc5 {[%emt 0:18:19]} bxa4 {[%emt 0:00:19]} 21. cxd6 {[%emt 0:00:03]} Qd8 {[%emt 0:12:20]} 22. Nxa4 {[%emt 0:00:28]} Rc8 {[%emt 0:08:55]} 23. Ne5 {[%emt 0:04:49]} Bxg2 {[%emt 0:00:43]} 24. Kxg2 {[%emt 0:01:44]} Rxc1 {[%emt 0:01:52]} 25. Rxc1 {[%emt 0:00:07]} Nb7 {[%emt 0:00:06]} 26. Rc7 {[%emt 0:06:43]} Nxd6 {[%emt 0:00:08]} 27. Rxd7 {[%emt 0:00:08]} Qa5 {[%emt 0:00:22]} 28. Nc5 {[%emt 0:00:41]} Nc4 {[%emt 0:06:11]} 29. Ned3 {[%emt 0:00:19]} Qb6 {[%emt 0:00:29]} 30. Re7 {[%emt 0:02:12]} g5 {[%emt 0:02:50]} 31. Rxe6 {[%emt 0:00:26]} Qb1 {[%emt 0:00:22]} 32. g4 {[%emt 0:05:16]} Nd2 {[%emt 0:00:54]} 33. gxf5 {[%emt 0:00:59]} Qf1+ {[%emt 0:00:24]} 34. Kg3 {[%emt 0:00:01]} Qg1+ {[%emt 0:00:08]} 35. Kh3 {[%emt 0:00:05]} Nf3 {[%emt 0:01:27]} 36. Ne5 {[%emt 0:00:26]} Qxh2+ {[%emt 0:00:20]} 37. Kg4 {[%emt 0:00:04]} Qg2+ {[%emt 0:00:07]} 0-1

[Event "72nd RUS-ch Higher League 2019"]
[Site "Yaroslavl"]
[Date "2019.07.05"]
[Round "8.17"]
[White "Bocharov, Ivan"]
[Black "Murzin, Volodar"]
[Result "1/2-1/2"]
[WhiteElo "2559"]
[BlackElo "2418"]
[Annotator "ChessBase"]
[PlyCount "62"]
[EventDate "2019.06.27"]
[EventType "swiss"]
[EventCountry "RUS"]
[SourceTitle "playchess.com"]
[Source "ChessBase"]
[SourceQuality "1"]
[TimeControl "40/5400+30:1800+30"]

1. c4 {[%emt 0:00:00]} Nf6 {[%emt 0:00:00]} 2. Nc3 {[%emt 0:00:00]} g6 {[%emt 0:00:07]} 3. d4 {[%emt 0:00:23]} Bg7 {[%emt 0:00:05]} 4. e4 {[%emt 0:00:04]} O-O {[%emt 0:00:05]} 5. Nf3 {[%emt 0:00:05]} d6 {[%emt 0:00:06]} 6. Be2 {[%emt 0:00:08]} e5 {[%emt 0:00:05]} 7. d5 {[%emt 0:00:04]} a5 {[%emt 0:00:10]} 8. O-O {[%emt 0:00:10]} Na6 {[%emt 0:00:04]} 9. Bg5 {[%emt 0:00:05]} h6 {[%emt 0:00:20]} 10. Bh4 {[%emt 0:00:08]} Qe8 {[%emt 0:00:08]} 11. Nd2 {[%emt 0:00:21]} Nh7 {[%emt 0:00:19]} 12. a3 {[%emt 0:01:42]} Bd7 {[%emt 0:00:23]} 13. b3 {[%emt 0:00:26]} h5 {[%emt 0:00:10]} 14. f3 {[%emt 0:00:07]} Bh6 {[%emt 0:00:07]} 15. Rb1 {[%emt 0:00:28]} Be3+ {[%emt 0:00:11]} 16. Kh1 {[%emt 0:00:13]} Bc5 {[%emt 0:00:09]} 17. Qc1 {[%emt 0:00:30]} Qb8 {[%emt 0:05:11]} 18. Na2 {[%emt 0:05:12]} f5 {[%emt 0:02:37]} 19. exf5 {[%emt 0:04:47]} Bxf5 {[%emt 0:00:33]} 20. Ne4 {[%emt 0:00:27]} Bxe4 {[%emt 0:01:22]} 21. fxe4 {[%emt 0:01:03]} Rxf1+ {[%emt 0:01:43]} 22. Qxf1 {[%emt 0:01:17]} Qf8 {[%emt 0:09:25]} 23. Qxf8+ {[%emt 0:18:23]} Rxf8 {[%emt 0:01:47]} 24. b4 {[%emt 0:00:00]} axb4 {[%emt 0:00:21]} 25. axb4 {[%emt 0:00:02]} Bd4 {[%emt 0:05:05]} 26. Rf1 {[%emt 0:04:09]} Ra8 {[%emt 0:07:34]} 27. Be7 {[%emt 0:09:09]} Re8 {[%emt 0:02:15]} 28. Bh4 {[%emt 0:00:02]} Ra8 {[%emt 0:00:06]} 29. Be7 {[%emt 0:00:41]} Re8 {[%emt 0:04:11]} 30. Bh4 {[%emt 0:00:02]} Ra8 {[%emt 0:00:10]} 31. Be7 {[%emt 0:00:19]} Re8 1/2-1/2

[Event "72nd RUS-ch Higher League 2019"]
[Site "Yaroslavl"]
[Date "2019.07.05"]
[Round "8.18"]
[White "Lomasov, Semyon"]
[Black "Nesterov, Arseniy"]
[Result "1/2-1/2"]
[WhiteElo "2542"]
[BlackElo "2423"]
[Annotator "ChessBase"]
[PlyCount "73"]
[EventDate "2019.06.27"]
[EventType "swiss"]
[EventCountry "RUS"]
[SourceTitle "playchess.com"]
[Source "ChessBase"]
[SourceQuality "1"]
[TimeControl "40/5400+30:1800+30"]

1. e4 {[%emt 0:00:00]} e5 {[%emt 0:00:00]} 2. Nf3 {[%emt 0:00:00]} Nf6 {[%emt 0:00:00]} 3. Nxe5 {[%emt 0:00:00]} d6 {[%emt 0:00:00]} 4. Nf3 {[%emt 0:00:01]} Nxe4 {[%emt 0:00:00]} 5. Nc3 {[%emt 0:00:20]} Nxc3 {[%emt 0:00:16]} 6. dxc3 {[%emt 0:00:01]} Be7 {[%emt 0:00:31]} 7. Be3 {[%emt 0:00:06]} Nc6 {[%emt 0:01:00]} 8. Bd3 {[%emt 0:00:54]} Be6 {[%emt 0:00:44]} 9. Qe2 {[%emt 0:00:10]} O-O {[%emt 0:08:31]} 10. O-O-O {[%emt 0:01:34]} Qc8 {[%emt 0:03:35]} 11. Kb1 {[%emt 0:16:35]} Bf5 {[%emt 0:01:38]} 12. h3 {[%emt 0:02:32]} a5 {[%emt 0:07:10]} 13. a4 {[%emt 0:01:33]} Ne5 {[%emt 0:06:56]} 14. Nxe5 {[%emt 0:23:47]} dxe5 {[%emt 0:00:08]} 15. g4 {[%emt 0:05:32]} Bxd3 {[%emt 0:00:40]} 16. Qxd3 {[%emt 0:00:04]} Qe6 {[%emt 0:03:23]} 17. Qd7 {[%emt 0:20:34]} Qxd7 {[%emt 0:02:01]} 18. Rxd7 {[%emt 0:00:02]} Bd6 19. c4 {[%emt 0:00:08]} Rfd8 {[%emt 0:00:36]} 20. Rxd8+ {[%emt 0:00:07]} Rxd8 {[%emt 0:00:04]} 21. Rd1 {[%emt 0:01:29]} Be7 {[%emt 0:16:39]} 22. Rd5 {[%emt 0:00:09]} Rxd5 {[%emt 0:01:09]} 23. cxd5 {[%emt 0:00:02]} g6 {[%emt 0:00:21]} 24. f3 {[%emt 0:06:43]} f5 {[%emt 0:00:15]} 25. c3 {[%emt 0:01:38]} Kf7 {[%emt 0:03:06]} 26. Kc2 {[%emt 0:00:37]} Bh4 {[%emt 0:04:30]} 27. Kd3 {[%emt 0:01:36]} Ke7 {[%emt 0:00:13]} 28. Kc4 {[%emt 0:01:32]} Kd7 {[%emt 0:00:15]} 29. b4 {[%emt 0:11:23]} axb4 {[%emt 0:03:42]} 30. cxb4 {[%emt 0:00:05]} Be1 {[%emt 0:00:15]} 31. a5 {[%emt 0:00:26]} h5 {[%emt 0:04:16]} 32. gxf5 {[%emt 0:00:17]} gxf5 {[%emt 0:00:01]} 33. Bc5 {[%emt 0:00:15]} Bd2 {[%emt 0:01:00]} 34. Kd3 {[%emt 0:00:08]} Be1 {[%emt 0:00:04]} 35. Kc4 {[%emt 0:00:04]} Bd2 {[%emt 0:00:05]} 36. Kb3 {[%emt 0:01:58]} Be1 {[%emt 0:00:18]} 37. Kc4 {[%emt 0:05:27]} 1/2-1/2

[Event "72nd RUS-ch Higher League 2019"]
[Site "Yaroslavl"]
[Date "2019.07.05"]
[Round "8.19"]
[White "Airapetian, Gor"]
[Black "Levin, Evgeny A."]
[Result "1-0"]
[WhiteElo "2442"]
[BlackElo "2504"]
[Annotator "ChessBase"]
[PlyCount "81"]
[EventDate "2019.06.27"]
[EventType "swiss"]
[EventCountry "RUS"]
[SourceTitle "playchess.com"]
[Source "ChessBase"]
[SourceQuality "1"]
[TimeControl "40/5400+30:1800+30"]

1. d4 {[%emt 0:00:00]} Nf6 {[%emt 0:01:23]} 2. c4 {[%emt 0:00:00]} e6 {[%emt 0:00:09]} 3. Nf3 {[%emt 0:00:00]} b6 {[%emt 0:00:06]} 4. g3 {[%emt 0:00:08]} Ba6 {[%emt 0:00:17]} 5. b3 {[%emt 0:01:10]} Bb4+ {[%emt 0:00:25]} 6. Bd2 {[%emt 0:00:06]} Be7 {[%emt 0:00:07]} 7. Nc3 {[%emt 0:00:56]} Bb7 {[%emt 0:00:12]} 8. Bg2 {[%emt 0:00:17]} O-O {[%emt 0:01:19]} 9. O-O {[%emt 0:00:28]} d5 {[%emt 0:00:13]} 10. cxd5 {[%emt 0:00:44]} exd5 {[%emt 0:00:05]} 11. Bf4 {[%emt 0:04:16]} Nbd7 {[%emt 0:02:55]} 12. Qc2 {[%emt 0:03:41]} c6 {[%emt 0:02:37]} 13. Rfd1 {[%emt 0:03:25]} Re8 {[%emt 0:01:24]} 14. Qb2 {[%emt 0:21:07]} Bb4 {[%emt 0:21:57]} 15. Rac1 {[%emt 0:03:59]} Qe7 {[%emt 0:02:40]} 16. Rc2 {[%emt 0:00:10]} Rad8 {[%emt 0:14:43]} 17. Nb1 {[%emt 0:06:29]} Ne4 {[%emt 0:04:26]} 18. a3 {[%emt 0:02:39]} Bd6 {[%emt 0:00:05]} 19. Bxd6 {[%emt 0:00:09]} Nxd6 {[%emt 0:09:08]} 20. e3 {[%emt 0:01:03]} f6 {[%emt 0:18:17]} 21. Nc3 {[%emt 0:00:25]} Nb8 {[%emt 0:04:53]} 22. Nd2 {[%emt 0:02:02]} Ba6 {[%emt 0:01:24]} 23. Rcc1 {[%emt 0:01:26]} Bd3 {[%emt 0:00:38]} 24. a4 {[%emt 0:02:39]} a5 {[%emt 0:03:48]} 25. b4 {[%emt 0:02:00]} axb4 {[%emt 0:01:02]} 26. Qxb4 {[%emt 0:00:53]} Qa7 {[%emt 0:02:54]} 27. Qb3 {[%emt 0:02:55]} Bg6 {[%emt 0:05:36]} 28. e4 {[%emt 0:01:39]} Bf7 {[%emt 0:00:44]} 29. exd5 {[%emt 0:00:26]} Nd7 {[%emt 0:00:30]} 30. Nc4 {[%emt 0:10:04]} Nxc4 {[%emt 0:00:13]} 31. Qxc4 {[%emt 0:00:02]} Rc8 {[%emt 0:00:32]} 32. Qb4 {[%emt 0:03:19]} c5 {[%emt 0:00:33]} 33. dxc5 {[%emt 0:01:52]} Rxc5 {[%emt 0:00:08]} 34. Nb5 {[%emt 0:01:50]} Qa5 {[%emt 0:00:40]} 35. Qxa5 {[%emt 0:06:31]} bxa5 {[%emt 0:00:04]} 36. Bh3 {[%emt 0:00:53]} Rxc1 {[%emt 0:00:05]} 37. Rxc1 {[%emt 0:00:03]} Nb6 {[%emt 0:00:59]} 38. d6 {[%emt 0:00:28]} Kf8 {[%emt 0:01:05]} 39. Nd4 {[%emt 0:08:35]} Rd8 {[%emt 0:00:35]} 40. d7 {[%emt 0:00:00]} Bd5 {[%emt 0:00:00]} 41. Rc5 {[%emt 0:01:16]} 1-0